Dictionnaire des antiquités romaines et grecques / (Record no. 163490)

MARC details
000 -LEADER
campo de control de longitud fija 00944nam a2200229 i 4500
001 - NÚMERO DE CONTROL
campo de control 163490
003 - IDENTIFICADOR DE NÚMERO DE CONTROL
campo de control ES-MaACL
005 - FECHA Y HORA DE LA ÚLTIMA TRANSACCIÓN
campo de control 20260130141736.0
008 - DATOS DE LONGITUD FIJA--INFORMACIÓN GENERAL
campo de control de longitud fija 951113s1859 fr a |||| | fre d
040 ## - FUENTE DE CATALOGACIÓN
Centro catalogador/agencia de origen CLM
Lengua de catalogación spa
Centro/agencia transcriptor CCPB | SIC
100 1# - ENTRADA PRINCIPAL--NOMBRE DE PERSONA
Nombre de persona Rich, Anthony.
9 (RLIN) 131792
245 10 - MENCIÓN DEL TÍTULO
Título Dictionnaire des antiquités romaines et grecques /
Mención de responsabilidad, etc. por Anthony Rich ; traduit de L'anglais sous le direction de M. Chéruel.
260 ## - PUBLICACIÓN, DISTRIBUCIÓN, ETC.
Lugar de publicación, distribución, etc. Paris :
Nombre del editor, distribuidor, etc. Librairie de Firmin Didot Fréres, Fils et C_ie,
Fecha de publicación, distribución, etc. 1859.
300 ## - DESCRIPCIÓN FÍSICA
Extensión XII, 740 p. :
Otras características físicas il. ;
Dimensiones 20 cm.
500 ## - NOTA GENERAL
Nota general En port. : "acompañado de 2.000 grabados según lo antiguo"
650 #4 - PUNTO DE ACCESO ADICIONAL DE MATERIA--TÉRMINO DE MATERIA
Término de materia o nombre geográfico como elemento de entrada Civilización clásica-
Subdivisión de forma Diccionarios.
9 (RLIN) 159368
650 #4 - PUNTO DE ACCESO ADICIONAL DE MATERIA--TÉRMINO DE MATERIA
Término de materia o nombre geográfico como elemento de entrada Restos arqueológicos griegos-
Subdivisión de forma Diccionarios.
9 (RLIN) 159369
650 #4 - PUNTO DE ACCESO ADICIONAL DE MATERIA--TÉRMINO DE MATERIA
Término de materia o nombre geográfico como elemento de entrada Restos arqueológicos romanos-
Subdivisión de forma Diccionarios.
9 (RLIN) 159370
700 1# - ENTRADA AGREGADA--NOMBRE PERSONAL
Nombre de persona Cheruel, Adolphe,
Fechas asociadas al nombre 1809-1891
9 (RLIN) 159360
852 ## - LOCALIZACIÓN
Ubicación ES-MaACL
Número de control de estantería B-2096
Nota libre -- Enc. hol.
Holdings
Estatus retirado Estado de pérdida Estado de daño No para préstamo Colección Biblioteca de origen Biblioteca actual Ubicación en estantería Fecha de adquisición Fuente de adquisición Total de préstamos Signatura topográfica completa Código de barras Visto por última vez Precio de reemplazo Tipo de ítem Koha
        Libros del s. XIX Biblioteca del Ateneo de Madrid Biblioteca del Ateneo de Madrid Sala Pardo Bazán 17/01/2008     B-2096 1171321 23/02/2023 23/02/2023 Libro impreso antiguo